Cartoon Characters Quiz! #2 - Statistics

General Stats
  • This quiz has been taken 137 times
  • The average score is 12 of 16
Answer Stats
Picture Answer % Correct
Scooby Doo
98%
Pikachu
97%
Lisa Simpson
88%
Marge Simpson
87%
Elmo
84%
Charlie Brown
83%
Cookie Monster
83%
Kermit
83%
Peter Griffin
83%
Papa Smurf
77%
Brian Griffin
75%
Big Bird
73%
Tails
66%
Knuckles
65%
Fred Flintstones
27%
Oswald
27%
No matching quizzes found
Score Distribution
Percent of People with Each Score
Percentile by Number Answered
Your Score History
You have not taken this quiz